Southville International School and Colleges
Your cart is empty.
  • Cart
  • Lists
    Public lists Eva Luna New books Lux_list list_1
    Your lists Log in to create your own lists
  • Log in to your account
  • Your cookies
  • Search history
Southville International School and Colleges
  • Advanced search
  • Recent comments
  • Most popular
  • Libraries

Log in to your account

Log in with GOOGLE


If you do not have an external account, but do have a local account, you can still log in:

  1. Home
  2. MARC view: Song Lee in Room 2B /
Normal view MARC view ISBD view

Song Lee in Room 2B / (Record no. 33440)

[ view plain ]
MARC details
000 -LEADER
fixed length control field 01025pam a2200313 a 4500
001 - CONTROL NUMBER
control field 4397610
003 - CONTROL NUMBER IDENTIFIER
control field OSt
005 - DATE AND TIME OF LATEST TRANSACTION
control field 20140310184259.0
008 - FIXED-LENGTH DATA ELEMENTS--GENERAL INFORMATION
fixed length control field 921103s1993 nyua j 000 1 eng
010 ## - LIBRARY OF CONGRESS CONTROL NUMBER
LC control number 92041523
020 ## - INTERNATIONAL STANDARD BOOK NUMBER
International Standard Book Number 0670847720 :
Terms of availability $11.99
040 ## - CATALOGING SOURCE
Original cataloging agency DLC
Transcribing agency DLC
Modifying agency DLC
042 ## - AUTHENTICATION CODE
Authentication code lcac
050 00 - LIBRARY OF CONGRESS CALL NUMBER
Classification number PZ 7
Item number .K6797So 1999
100 1# - MAIN ENTRY--PERSONAL NAME
Personal name Kline, Suzy.
9 (RLIN) 22979
245 10 - TITLE STATEMENT
Title Song Lee in Room 2B /
Statement of responsibility, etc Suzy Kline ; pictures by Frank Remkiewicz.
260 ## - PUBLICATION, DISTRIBUTION, ETC. (IMPRINT)
Place of publication, distribution, etc New York :
Name of publisher, distributor, etc Viking,
Date of publication, distribution, etc 1999.
300 ## - PHYSICAL DESCRIPTION
Extent 56 p. :
Other physical details ill. ;
Dimensions 21 cm.
521 ## - TARGET AUDIENCE NOTE
Target audience note
526 ## - STUDY PROGRAM INFORMATION NOTE
Reading level 470
650 #1 - SUBJECT ADDED ENTRY--TOPICAL TERM
Topical term or geographic name as entry element Schools
General subdivision Fiction.
9 (RLIN) 22980
650 #1 - SUBJECT ADDED ENTRY--TOPICAL TERM
Topical term or geographic name as entry element Korean Americans
General subdivision Fiction.
9 (RLIN) 22981
700 1# - ADDED ENTRY--PERSONAL NAME
Personal name Remkiewicz, Frank,
Relator term ill.
9 (RLIN) 22982
906 ## - LOCAL DATA ELEMENT F, LDF (RLIN)
a 7
b cbc
c orignew
d 1
e ocip
f 19
g y-gencatlg
942 ## - ADDED ENTRY ELEMENTS (KOHA)
Source of classification or shelving scheme Library of Congress Classification
Koha item type
Holdings
Withdrawn status Lost status Source of classification or shelving scheme Damaged status Home library Current library Shelving location Date acquired Total Checkouts Full call number Barcode Date last seen Copy number Price effective from Koha item type
    Library of Congress Classification   Luxembourg Library Luxembourg Library Scholastic Reading Center Section 10/02/2013   PZ 7 .K6797So 1999 LEX0725 04/18/2017 1 10/02/2013 Books
    Library of Congress Classification   Luxembourg Library Luxembourg Library Scholastic Reading Center Section 10/02/2013   PZ 7 .K6797So 1999 LEX0726 04/18/2017 2 10/02/2013 Books

Song Lee in Room 2B /

APA

Kline S., Remkiewicz F., . (1999). Song Lee in Room 2B. New York: Viking.

Chicago

Kline Suzy, Remkiewicz Frank, . 1999. Song Lee in Room 2B. New York: Viking.

Harvard

Kline S., Remkiewicz F., . (1999). Song Lee in Room 2B. New York: Viking.

MLA

Kline Suzy, Remkiewicz Frank, . Song Lee in Room 2B. New York: Viking. 1999.

  • Place hold
  • Print
  • Cite
  • Add to your cart (remove)
  • Save record
    BIBTEX Dublin Core MARCXML MARC (non-Unicode/MARC-8) MARC (Unicode/UTF-8) MARC (Unicode/UTF-8, Standard) MODS (XML) RIS
  • More searches
    Search for this title in:
    Other Libraries (WorldCat) Other Databases (Google Scholar) Online Stores (Bookfinder.com) Open Library (openlibrary.org)

Exporting to Dublin Core...

SOUTHVILLE LIBRARY

Southville International School and Colleges Library

1281 Tropical Ave. Cor. Luxembourg St., BF Homes International, Las Pinas City

Tel. No. 8256374 / 252358 Loc. 117/146

Powered by Koha